| 000 | 004420000a22001810004500 | ||
|---|---|---|---|
| 003 | MACL | ||
| 005 | 20150920125232.0 | ||
| 008 | 150920b xxu||||| |||| 00| 0 eng d | ||
| 040 |
_aMACL _cMACL |
||
| 041 | _aEnglish | ||
| 082 | _a891/RAM | ||
| 100 |
_aRam, Malik _912348 |
||
| 245 |
_aHali _bMakers of Indian Literature |
||
| 260 |
_bSahitya Akademi _c1982 _aNew Delhi |
||
| 350 | _a4 | ||
| 650 |
_aLiterature _912349 |
||
| 942 |
_cBK _k891 _2ddc |
||
| 999 |
_c5951 _d5951 |
||